000 00195nam a2200097Ia 4500
008 190216s9999||||xx |||||||||||||| ||und||
100 _aNull
245 0 _aMalayalam
260 _bNull
942 _cBK
999 _c23968
_d23968